000 00640nam a2200241 i 4500
001 C2-0342887
003 PPAK
005 20180728144150.0
008 170817s2016 enk |||| ||||| | eng d
020 _a9780007503346
040 _aPPAK
_beng
_cPPAK
_erda
082 0 4 _a823
_223
090 0 0 _a823
_bBRA
_dG
100 1 _aBradford, Barbara Taylor,
_eauthor
245 1 4 _aThe cavendon luck
264 1 _aLondon :
_bHarperCollins Publishers ,
_c2016
300 _a508 pages ;
_c18 cm
336 _2rdacontent
_atext
337 _2rdamedia
_aunmediated
338 _2rdacarrier
_avolume
650 1 0 _aEnglish fiction.
942 _ddc
_cB
999 _c139775
_d139775